[Event "World Cup"]
[Site "Khanty-Mansiysk RUS"]
[Date "2019.09.10"]
[EventDate "2019.09.10"]
[Round "1.1"]
[Result "0-1"]
[White "Radoslaw Wojtaszek"]
[Black "Johan-Sebastian Christiansen"]
[WhiteElo "2739"]
[BlackElo "2558"]
[PlyCount "102"]

1. d4 Nf6 2. c4 g6 3. g3 c5 4. dxc5 Na6 5. Nc3 Nxc5 6. Bg2 Bg7
7. Nf3 b6 8. Nd4 Bb7 9. Bxb7 Nxb7 10. e4 Qc7 11. Qe2 Nc5
12. O-O d6 13. Rd1 Qb7 14. f3 O-O 15. Be3 Rac8 16. Rac1 Ne6
17. Nc2 Rfe8 18. Nb4 Nd8 19. Bf2 Nc6 20. Nbd5 Nd7 21. Nb5 a6
22. Nbc3 Bh6 23. f4 Rb8 24. b3 Bg7 25. f5 Nce5 26. fxg6 hxg6
27. h4 b5 28. cxb5 axb5 29. b4 e6 30. Nf4 Bf8 31. h5 g5
32. Nd3 Rec8 33. Qe3 Bg7 34. Kg2 Kh7 35. h6 Bf6 36. Nxe5 Nxe5
37. Qa7 Ng4 38. Qxb7 Rxb7 39. Ne2 Ra8 40. Rc2 Ra4 41. Rxd6
Rxb4 42. Nc1 Rxe4 43. Nb3 Rc4 44. Re2 Rbc7 45. Bd4 Bxd4
46. Nxd4 b4 47. Nb5 Rb7 48. Rd4 Rxd4 49. Nxd4 Kxh6 50. Kf3 Nf6
51. Rb2 Ra7 0-1

[Event "World Cup"]
[Site "Khanty-Mansiysk RUS"]
[Date "2019.09.10"]
[EventDate "2019.09.10"]
[Round "1.1"]
[Result "1-0"]
[White "Dmitry Jakovenko"]
[Black "Jose Eduardo Martinez Alcantara"]
[WhiteElo "2681"]
[BlackElo "2596"]
[PlyCount "71"]

1. e4 c5 2. Nf3 d6 3. d4 cxd4 4. Nxd4 Nf6 5. Nc3 a6 6. f3 e5
7. Nb3 Be6 8. Be3 h5 9. Qd2 Nbd7 10. Nd5 Bxd5 11. exd5 Qc7
12. O-O-O Nb6 13. Qa5 Rc8 14. c3 Nbd7 15. Kb1 g6 16. Qb4 Bh6
17. Bxh6 Rxh6 18. f4 Ng4 19. fxe5 Ngxe5 20. Qf4 Rh8 21. Be2
Kf8 22. Nd4 Kg8 23. h4 Re8 24. g4 hxg4 25. h5 gxh5 26. Ne6 Qb6
27. Qg5+ Ng6 28. Bxg4 Ne5 29. Qf6 fxe6 30. Bxe6+ Rxe6 31. dxe6
Qc6 32. Rhe1 Kh7 33. e7 d5 34. Qf5 Qd6 35. Qxh5+ Kg7 36. Qxh8+
1-0

[Event "World Cup"]
[Site "Khanty-Mansiysk RUS"]
[Date "2019.09.10"]
[EventDate "2019.09.10"]
[Round "1.1"]
[Result "0-1"]
[White "Emilio Cordova"]
[Black "Daniil Dubov"]
[WhiteElo "2576"]
[BlackElo "2699"]
[PlyCount "80"]

1. c4 Nf6 2. Nf3 g6 3. g3 Bg7 4. Bg2 c6 5. O-O d5 6. d4 O-O
7. a4 Bf5 8. Na3 Be4 9. b3 Na6 10. Bb2 Nb4 11. Qd2 a5 12. Rfd1
Qb6 13. Bc3 Bf5 14. Nh4 Bg4 15. h3 Bc8 16. cxd5 Nbxd5 17. e4
Nxc3 18. Qxc3 Be6 19. Nc4 Qa7 20. Qe3 Rfd8 21. f4 Nxe4
22. Bxe4 Bxc4 23. bxc4 Bxd4 24. Rxd4 Rxd4 25. Kh2 Rxc4 26. Qe2
Qd4 27. Bg2 Rxa4 28. Re1 Qf6 29. Nf3 Rd8 30. Qc2 Rb4 31. Ne5
h5 32. Rf1 a4 33. Rf2 h4 34. Qc5 Qd6 35. Qc2 hxg3+ 36. Kxg3 e6
37. Be4 Qe7 38. Kh2 Qf6 39. Ng4 Qg7 40. Ne5 a3 0-1

[Event "World Cup"]
[Site "Khanty-Mansiysk RUS"]
[Date "2019.09.10"]
[EventDate "2019.09.10"]
[Round "1.1"]
[Result "1/2-1/2"]
[White "Bassem Amin"]
[Black "M Amin Tabatabaei"]
[WhiteElo "2699"]
[BlackElo "2642"]
[PlyCount "90"]

1. e4 e5 2. Nf3 Nc6 3. Bc4 Bc5 4. O-O Nf6 5. d3 d6 6. c3 a5
7. Re1 O-O 8. h3 h6 9. Bb3 Be6 10. Bc2 Ba7 11. Nbd2 Re8
12. Nf1 d5 13. exd5 Bxd5 14. Ng3 Qd6 15. Nh4 Ne7 16. Qe2 Bc6
17. Bd2 Ned5 18. Rad1 Nf4 19. Bxf4 exf4 20. Ne4 Qe7 21. Nf5
Qe5 22. Nxf6+ Qxf6 23. Qg4 g6 24. d4 h5 25. Qh4 Qxh4 26. Nxh4
Kf8 27. Bd3 a4 28. Be2 Bd5 29. a3 c5 30. dxc5 Bb3 31. Rc1 Bxc5
32. Nf3 Rad8 33. Bb5 Rxe1+ 34. Rxe1 f6 35. h4 Rd5 36. Bf1 Kg7
37. Re2 Rd1 38. Re1 Rd5 39. Re2 Bd1 40. Re4 Bc2 41. Re2 Bd1
42. Re4 f5 43. Re1 Bxf3 44. gxf3 Rd2 45. Re2 Rxe2 1/2-1/2

[Event "World Cup"]
[Site "Khanty-Mansiysk RUS"]
[Date "2019.09.10"]
[EventDate "2019.09.10"]
[Round "1.1"]
[Result "0-1"]
[White "Diego Flores"]
[Black "Gawain Jones"]
[WhiteElo "2602"]
[BlackElo "2688"]
[PlyCount "66"]

1. d4 Nf6 2. c4 g6 3. Nc3 d5 4. cxd5 Nxd5 5. e4 Nxc3 6. bxc3
Bg7 7. Nf3 c5 8. Bb5+ Nc6 9. d5 Qa5 10. Rb1 a6 11. Bxc6+ bxc6
12. O-O O-O 13. dxc6 Bg4 14. Rb7 Rac8 15. Bg5 Rxc6 16. Bxe7
Rfc8 17. h3 Be6 18. e5 Qxc3 19. Re1 h6 20. Re3 Qc4 21. Rd3 Kh7
22. Rd6 Qe4 23. Rb6 Rxb6 24. Rxb6 c4 25. Bf6 c3 26. Bxg7 c2
27. Qc1 Kxg7 28. Kh2 g5 29. Nxg5 hxg5 30. Qxg5+ Qg6 31. Qc1
Rc4 32. Rb3 Qh6 33. Re3 Kh7 0-1

[Event "World Cup"]
[Site "Khanty-Mansiysk RUS"]
[Date "2019.09.10"]
[EventDate "2019.09.10"]
[Round "1.1"]
[Result "1/2-1/2"]
[White "Nils Grandelius"]
[Black "Aleksandr Rakhmanov"]
[WhiteElo "2691"]
[BlackElo "2606"]
[PlyCount "57"]

1. e4 e5 2. Nf3 Nf6 3. Nxe5 d6 4. Nf3 Nxe4 5. Nc3 Nf6 6. d4 g6
7. Bc4 d5 8. Qe2+ Be6 9. Bb3 c6 10. Ng5 Qd7 11. O-O Bg7
12. Nxe6 Qxe6 13. Qxe6+ fxe6 14. Ne2 Nbd7 15. Nf4 Kf7 16. Nd3
Rhc8 17. c3 c5 18. dxc5 Ne4 19. Be3 Nexc5 20. Rfd1 a5 21. Bc2
Nxd3 22. Bxd3 Ne5 23. a4 Nxd3 24. Rxd3 Rc4 25. Ra3 Rb8 26. Ba7
Ra8 27. Be3 Rb8 28. Ba7 Ra8 29. Be3 1/2-1/2

[Event "World Cup"]
[Site "Khanty-Mansiysk RUS"]
[Date "2019.09.10"]
[EventDate "2019.09.10"]
[Round "1.1"]
[Result "1/2-1/2"]
[White "Chithambaram V R Aravindh"]
[Black "Michael Adams"]
[WhiteElo "2609"]
[BlackElo "2694"]
[PlyCount "72"]

1. d4 Nf6 2. c4 e6 3. Nc3 Bb4 4. f3 c5 5. d5 O-O 6. e4 d6
7. Ne2 a6 8. Nf4 exd5 9. cxd5 Nbd7 10. Be2 Ne5 11. Nd3 Nxd3+
12. Qxd3 Nd7 13. f4 b5 14. O-O Re8 15. Qc2 c4 16. a4 Rb8
17. axb5 axb5 18. Bf3 Nc5 19. Be3 Nb3 20. Rad1 Bd7 21. Kh1 Bc5
22. Qf2 Qb6 23. Bxc5 Nxc5 24. e5 b4 25. e6 bxc3 26. exd7 Nxd7
27. Qxb6 Rxb6 28. bxc3 Rb3 29. Ra1 Nc5 30. h4 Kf8 31. Kh2 Rxc3
32. Ra7 Nb3 33. Bg4 Rd3 34. Bd7 Ree3 35. Bb5 Rc3 36. f5 f6
1/2-1/2

[Event "World Cup"]
[Site "Khanty-Mansiysk RUS"]
[Date "2019.09.10"]
[EventDate "2019.09.10"]
[Round "1.1"]
[Result "1/2-1/2"]
[White "Boris Gelfand"]
[Black "Lu Shanglei"]
[WhiteElo "2686"]
[BlackElo "2602"]
[PlyCount "60"]

1. d4 Nf6 2. c4 e6 3. Nf3 d5 4. g3 dxc4 5. Bg2 c5 6. O-O Nc6
7. Qa4 Bd7 8. dxc5 Bxc5 9. Qxc4 Be7 10. Nc3 O-O 11. e4 Rc8
12. Qe2 e5 13. Rd1 Qa5 14. Nd5 Bg4 15. h3 Bxf3 16. Bxf3 Nxd5
17. Rxd5 Qc7 18. Be3 Nb4 19. Rdd1 Rfd8 20. Bg4 Rxd1+ 21. Rxd1
Rd8 22. Rxd8+ Bxd8 23. Qb5 Nc6 24. Bd1 h6 25. h4 g5 26. h5 Kg7
27. Bb3 Nd4 28. Qd5 Nxb3 29. Qxb3 Qc6 30. Qd3 Bb6 1/2-1/2

[Event "World Cup"]
[Site "Khanty-Mansiysk RUS"]
[Date "2019.09.10"]
[EventDate "2019.09.10"]
[Round "1.1"]
[Result "1-0"]
[White "Maxim Rodshtein"]
[Black "Mateusz Bartel"]
[WhiteElo "2684"]
[BlackElo "2621"]
[PlyCount "67"]

1. c4 Nf6 2. Nc3 e5 3. Nf3 Nc6 4. g3 Bb4 5. Bg2 O-O 6. Nd5 Bc5
7. d3 Nxd5 8. cxd5 Nd4 9. Nd2 d6 10. e3 Nf5 11. Nc4 a5 12. Bd2
a4 13. Rc1 Qe8 14. O-O b5 15. Na3 Bb7 16. Nc2 Ne7 17. d4 exd4
18. exd4 Bb6 19. Nb4 Qd7 20. Re1 Rfe8 21. Bc3 a3 22. b3 Nf5
23. Qd3 g6 24. Bh3 Rxe1+ 25. Rxe1 Ba5 26. Nc6 Bxc6 27. dxc6
Qxc6 28. Bxa5 Rxa5 29. Bxf5 gxf5 30. d5 Qa8 31. Qxf5 Qd8
32. Re4 Ra8 33. Rg4+ Kf8 34. Qxh7 1-0

[Event "World Cup"]
[Site "Khanty-Mansiysk RUS"]
[Date "2019.09.10"]
[EventDate "2019.09.10"]
[Round "1.1"]
[Result "1/2-1/2"]
[White "Murali Karthikeyan"]
[Black "Ernesto Inarkiev"]
[WhiteElo "2617"]
[BlackElo "2693"]
[PlyCount "90"]

1. e4 e5 2. Nf3 Nc6 3. Bb5 a6 4. Ba4 Nf6 5. O-O Be7 6. Re1 b5
7. Bb3 d6 8. c3 O-O 9. h3 Re8 10. d4 Bb7 11. Nbd2 Bf8 12. a3
h6 13. Ba2 Qd7 14. Qc2 g6 15. b4 a5 16. Bb2 Bg7 17. a4 exd4
18. axb5 Na7 19. Nxd4 axb4 20. cxb4 Nxb5 21. Bxf7+ Qxf7
22. Nxb5 Rxa1 23. Bxa1 Nxe4 24. Nxe4 Bxa1 25. Nxc7 Re7 26. Nb5
Be5 27. Re3 Qf4 28. Qb3+ Rf7 29. g3 Qf5 30. f3 Bxe4 31. Rxe4
Bxg3 32. Re7 Qxf3 33. Qxf7+ Qxf7 34. Rxf7 Kxf7 35. Kg2 Be5
36. Nc7 Ke7 37. Kf3 Kd7 38. Nd5 h5 39. h4 Kc6 40. Ne7+ Kb5
41. Nxg6 Bf6 42. Nf4 Bxh4 43. Nxh5 Kxb4 44. Nf4 Kc4 45. Ke4
Bg5 1/2-1/2

[Event "World Cup"]
[Site "Khanty-Mansiysk RUS"]
[Date "2019.09.10"]
[EventDate "2019.09.10"]
[Round "1.1"]
[Result "1/2-1/2"]
[White "Abhijeet Gupta"]
[Black "Anton Korobov"]
[WhiteElo "2609"]
[BlackElo "2679"]
[PlyCount "74"]

1. d4 d5 2. c4 e6 3. Nc3 Nf6 4. cxd5 exd5 5. Bg5 c6 6. Qc2 Be7
7. e3 Nbd7 8. Bd3 Nh5 9. Bxe7 Qxe7 10. Nge2 g6 11. h3 Nb6
12. O-O-O Bd7 13. Kb1 O-O-O 14. Na4 Nxa4 15. Qxa4 Kb8 16. Rc1
Nf6 17. Nc3 h5 18. Ka1 h4 19. Qb3 Bf5 20. Bxf5 gxf5 21. Ne2
Ka8 22. Nf4 Rdg8 23. Rc5 Nh5 24. Nd3 Rxg2 25. Rhc1 Nf6 26. Qa4
Qc7 27. a3 Nd7 28. Ra5 Qb8 29. Nf4 Rxf2 30. Nxd5 b5 31. Rxb5
cxb5 32. Qa6 Qb7 33. Nc7+ Kb8 34. Qd6 Rc8 35. Nd5+ Ka8
36. Nc7+ Kb8 37. Nd5+ Ka8 1/2-1/2

[Event "World Cup"]
[Site "Khanty-Mansiysk RUS"]
[Date "2019.09.10"]
[EventDate "2019.09.10"]
[Round "1.1"]
[Result "1-0"]
[White "David Anton Guijarro"]
[Black "Sunilduth Lyna Narayanan"]
[WhiteElo "2674"]
[BlackElo "2611"]
[PlyCount "77"]

1. c4 e5 2. g3 c6 3. d4 e4 4. Qa4 d5 5. cxd5 Nf6 6. Nc3 b5
7. Qc2 Bb4 8. Bg5 cxd5 9. e3 a6 10. a4 h6 11. Bxf6 Qxf6
12. axb5 O-O 13. Ne2 Bb7 14. Bh3 axb5 15. Rxa8 Bxa8 16. Qb3
Qd6 17. O-O Bc6 18. Ra1 Bxc3 19. bxc3 Nd7 20. Qb4 Qc7 21. Qe7
Rc8 22. Nf4 Nf6 23. Qe5 Bd7 24. Qxc7 Rxc7 25. Bxd7 Rxd7
26. Ra6 Kf8 27. Rb6 Ke7 28. h3 g5 29. Ne2 Rd6 30. Rxb5 Rc6
31. g4 Ke6 32. Ng3 Ne8 33. Nxe4 Nc7 34. Nc5+ Kf6 35. Rb7 Ne6
36. Nd7+ Kg7 37. Ne5 Rc7 38. Rb3 f6 39. Nd3 1-0

[Event "World Cup"]
[Site "Khanty-Mansiysk RUS"]
[Date "2019.09.10"]
[EventDate "2019.09.10"]
[Round "1.1"]
[Result "1-0"]
[White "Niclas Huschenbeth"]
[Black "Arkadij Naiditsch"]
[WhiteElo "2620"]
[BlackElo "2643"]
[PlyCount "77"]

1. e4 e6 2. d4 d5 3. Nc3 Bb4 4. e5 c5 5. a3 Bxc3+ 6. bxc3 Ne7
7. Qg4 cxd4 8. Qxg7 Rg8 9. Qxh7 Qc7 10. Qd3 Qxe5+ 11. Ne2 dxc3
12. Qxc3 Nbc6 13. Qxe5 Nxe5 14. Ng3 f6 15. Bb2 Kf7 16. Nh5 Nd7
17. O-O-O b6 18. Rg1 Bb7 19. g4 Rh8 20. f4 Rh6 21. Be2 Rah8
22. Nxf6 Nxf6 23. g5 Rxh2 24. gxf6 Nf5 25. Bd3 R8h7 26. Bxf5
exf5 27. Bd4 Ba6 28. Rg7+ Rxg7 29. fxg7 Be2 30. Rg1 Bg4
31. Re1 Be2 32. Rg1 Bg4 33. Re1 Be2 34. a4 Kg8 35. Kb2 a5
36. Ka1 Kf7 37. Rb1 Rh6 38. Rg1 Kg8 39. Rg3 1-0

[Event "World Cup"]
[Site "Khanty-Mansiysk RUS"]
[Date "2019.09.10"]
[EventDate "2019.09.10"]
[Round "1.1"]
[Result "0-1"]
[White "Ruslan Ponomariov"]
[Black "Andrey Esipenko"]
[WhiteElo "2675"]
[BlackElo "2624"]
[PlyCount "110"]

1. e4 c6 2. d4 d5 3. Nc3 dxe4 4. Nxe4 Bf5 5. Ng3 Bg6 6. h4 h6
7. Nf3 Nd7 8. h5 Bh7 9. Bd3 Bxd3 10. Qxd3 e6 11. Bd2 Ngf6
12. O-O-O Be7 13. Kb1 Qb6 14. Ne5 Rd8 15. Qe2 O-O 16. Bc1 c5
17. Nxd7 Rxd7 18. dxc5 Qxc5 19. Rxd7 Nxd7 20. Ne4 Qc6 21. Rh3
f5 22. Nd2 Bf6 23. Nc4 b6 24. g4 fxg4 25. Qxg4 Rc8 26. Ne3 Ne5
27. Qe2 Bg5 28. b3 Rf8 29. Bb2 Qe4 30. a4 Nc6 31. Bc3 Nd4
32. Qd1 e5 33. Bxd4 Qxd4 34. Qxd4 exd4 35. Nd1 Re8 36. Kb2 Re1
37. Rd3 Bf6 38. c3 Re2+ 39. Ka3 dxc3 40. Nxc3 Rxf2 41. Nd5 Bd8
42. Kb4 a6 43. Kc4 Rh2 44. Nf4 Rc2+ 45. Kd5 Bg5 46. Ng6 Bf6
47. b4 Kf7 48. Kd6 Rb2 49. Nh8+ Kg8 50. Ng6 Rxb4 51. Re3 Rd4+
52. Kc6 Rxa4 53. Re8+ Kf7 54. Rb8 b5 55. Rb6 Ke6 0-1

[Event "World Cup"]
[Site "Khanty-Mansiysk RUS"]
[Date "2019.09.10"]
[EventDate "2019.09.10"]
[Round "1.1"]
[Result "0-1"]
[White "Sethuraman P Sethuraman"]
[Black "Tamir Nabaty"]
[WhiteElo "2624"]
[BlackElo "2658"]
[PlyCount "88"]

1. c4 e5 2. Nc3 c5 3. Nf3 Nc6 4. e3 Nf6 5. d4 cxd4 6. exd4 e4
7. Ne5 Bb4 8. Be2 Qa5 9. Nxc6 dxc6 10. Bd2 O-O 11. O-O Rd8
12. a3 Bxc3 13. bxc3 c5 14. a4 cxd4 15. cxd4 Qf5 16. d5 Qg6
17. Kh1 Bg4 18. f3 Bf5 19. Qb3 Re8 20. Rg1 Rac8 21. Be3 exf3
22. gxf3 Ng4 23. fxg4 Bc2 24. Qc3 Be4+ 25. Rg2 Bxd5 26. Rd1
Bc6 27. Bf1 Qxg4 28. Rd2 f6 29. Kg1 Bxg2 30. Rxg2 Qe4 31. Bxa7
Rcd8 32. Qb3 Re5 33. Bb6 Rd7 34. Qc2 Qc6 35. a5 Re1 36. Re2
Ra1 37. Rd2 Qf3 38. Rf2 Qg4+ 39. Rg2 Rxf1+ 40. Kxf1 Rd1+
41. Kf2 Qf4+ 42. Ke2 Rc1 43. Qb3 Qe4+ 44. Kd2 Rb1 0-1

[Event "World Cup"]
[Site "Khanty-Mansiysk RUS"]
[Date "2019.09.10"]
[EventDate "2019.09.10"]
[Round "1.1"]
[Result "1-0"]
[White "Vladimir Fedoseev"]
[Black "Surya Shekhar Ganguly"]
[WhiteElo "2664"]
[BlackElo "2658"]
[PlyCount "85"]

1. d4 Nf6 2. c4 e6 3. Nc3 Bb4 4. e3 O-O 5. Bd2 b6 6. Nf3 d5
7. cxd5 exd5 8. Rc1 Be7 9. Bd3 Bb7 10. O-O c5 11. Ne5 Nc6
12. Ne2 Rc8 13. Ng3 cxd4 14. Nxc6 Rxc6 15. exd4 Rxc1 16. Bxc1
Ne4 17. Qa4 Qc7 18. Be3 Bd6 19. Rc1 Qb8 20. Ba6 g6 21. Bxb7
Qxb7 22. Qc6 Qxc6 23. Rxc6 Nxg3 24. hxg3 Bb8 25. Bh6 Re8
26. a4 f5 27. Rf6 Rd8 28. Kf1 Bd6 29. Ke2 Be7 30. Rc6 Bd6
31. Bg5 Rd7 32. Bf6 Kf7 33. Be5 Ke7 34. f4 Rd8 35. Kf3 h5
36. Ke3 Rd7 37. Kd3 Rd8 38. Kc3 Ke6 39. a5 bxa5 40. Kb3 Ke7
41. Bxd6+ Rxd6 42. Rxd6 Kxd6 43. Ka4 1-0

[Event "World Cup"]
[Site "Khanty-Mansiysk RUS"]
[Date "2019.09.10"]
[EventDate "2019.09.10"]
[Round "1.1"]
[Result "1/2-1/2"]
[White "Ngoc Truongson Nguyen"]
[Black "Kirill Alekseenko"]
[WhiteElo "2638"]
[BlackElo "2671"]
[PlyCount "60"]

1. e4 e5 2. Nf3 Nc6 3. d4 exd4 4. Nxd4 Nf6 5. Nc3 Bb4 6. Nxc6
bxc6 7. Bd3 O-O 8. O-O d5 9. exd5 cxd5 10. Qf3 c6 11. h3 Rb8
12. Bf4 Rb7 13. Na4 Re8 14. a3 Bd6 15. Rfe1 Rbe7 16. Rxe7 Bxe7
17. b4 a5 18. Rb1 axb4 19. axb4 h6 20. c3 Be6 21. Nc5 Bxc5
22. bxc5 Ne4 23. Bxe4 dxe4 24. Qxe4 Ba2 25. Qxe8+ Qxe8 26. Rb8
Qxb8 27. Bxb8 f6 28. f3 Kf7 29. Kf2 Bc4 30. h4 h5 1/2-1/2

[Event "World Cup"]
[Site "Khanty-Mansiysk RUS"]
[Date "2019.09.10"]
[EventDate "2019.09.10"]
[Round "1.1"]
[Result "1/2-1/2"]
[White "Ferenc Berkes"]
[Black "Rinat Jumabayev"]
[WhiteElo "2666"]
[BlackElo "2630"]
[PlyCount "115"]

1. d4 d5 2. Nf3 Nf6 3. g3 g6 4. Bg2 Bg7 5. c4 dxc4 6. O-O O-O
7. Na3 c5 8. dxc5 Na6 9. c6 Nb4 10. Ne5 Nxc6 11. Nxc6 bxc6
12. Nxc4 Nd5 13. Bd2 Be6 14. Rc1 Rc8 15. Qc2 c5 16. Rfd1 Qe8
17. b3 Nb4 18. Qb1 Qb5 19. Bc3 Bxc3 20. Rxc3 Rfd8 21. Rdc1 Qa6
22. a3 Nd5 23. R3c2 Nb6 24. Nxb6 axb6 25. Qb2 Qb5 26. b4 c4
27. h4 Rd7 28. Rd2 h5 29. Rxd7 Qxd7 30. Qc3 Rd8 31. Be4 Qd2
32. Qxd2 Rxd2 33. Rc2 Rd1+ 34. Kg2 Ra1 35. Rc3 Ra2 36. Bc2
Bd5+ 37. f3 e5 38. Kf2 Kg7 39. Ba4 Rb2 40. Ke3 f5 41. Bb5 Rb3
42. Kd2 f4 43. gxf4 exf4 44. Rc1 c3+ 45. Rxc3 Rxc3 46. Kxc3 g5
47. hxg5 h4 48. Bd7 Kg6 49. Kd2 Kxg5 50. Ke1 Kf6 51. Kf2 Ke5
52. a4 Kd4 53. a5 bxa5 54. bxa5 Kc5 55. e4 fxe3+ 56. Kxe3 h3
57. Bxh3 Bxf3 58. Kxf3 1/2-1/2

[Event "World Cup"]
[Site "Khanty-Mansiysk RUS"]
[Date "2019.09.10"]
[EventDate "2019.09.10"]
[Round "1.1"]
[Result "1/2-1/2"]
[White "Mircea-Emilian Parligras"]
[Black "Liviu Dieter Nisipeanu"]
[WhiteElo "2629"]
[BlackElo "2656"]
[PlyCount "74"]

1. e4 e5 2. Nf3 Nf6 3. Nxe5 d6 4. Nd3 Nxe4 5. Qe2 Qe7 6. Nc3
Nf6 7. Nf4 c6 8. f3 Qxe2+ 9. Bxe2 d5 10. d4 Bd6 11. Kf2 Nbd7
12. Bd3 O-O 13. h4 Ne8 14. Nfe2 Nb6 15. a4 a5 16. b3 Bd7
17. Bf4 Nc8 18. Nd1 Nc7 19. Ne3 Re8 20. c4 dxc4 21. bxc4 Na6
22. c5 Nb4 23. Bc4 Bxf4 24. Nxf4 Ne7 25. Rhd1 Ng6 26. Nxg6
hxg6 27. Rd2 Rab8 28. Bb3 b6 29. cxb6 Rxb6 30. Nc4 Ra6 31. Nd6
Re7 32. Rc1 Bf5 33. Bc4 Ra8 34. g4 Be6 35. Bxe6 Rxe6 36. Ne4
Rd8 37. Rc5 Rd5 1/2-1/2

[Event "World Cup"]
[Site "Khanty-Mansiysk RUS"]
[Date "2019.09.10"]
[EventDate "2019.09.10"]
[Round "1.1"]
[Result "1-0"]
[White "Samuel Sevian"]
[Black "Aryan Tari"]
[WhiteElo "2654"]
[BlackElo "2630"]
[PlyCount "121"]

1. d4 Nf6 2. c4 e6 3. Nf3 d5 4. Nc3 Bb4 5. Qa4+ Nc6 6. e3 O-O
7. Qc2 Re8 8. Bd2 Bf8 9. Rd1 a6 10. a3 h6 11. Bc1 Bd7 12. Ne5
Nxe5 13. dxe5 Ng4 14. f4 Bc5 15. Qe2 h5 16. g3 c6 17. Bh3 f6
18. Bxg4 hxg4 19. exf6 Qxf6 20. Ne4 Qe7 21. Ng5 Rf8 22. h3 Rf5
23. hxg4 Rxg5 24. fxg5 Qxg5 25. b4 Bd6 26. Qh2 Re8 27. Qh7+
Kf7 28. O-O+ Ke7 29. Qh4 Qxh4 30. gxh4 dxc4 31. e4 Be5 32. Be3
Rh8 33. Bc5+ Ke8 34. h5 Bf6 35. Kg2 e5 36. Kf3 Bg5 37. Rf2 Rh6
38. Rd6 Be6 39. Kg3 Bf4+ 40. Rxf4 exf4+ 41. Kxf4 Rf6+ 42. Kg3
c3 43. e5 c2 44. Be3 Rh6 45. Kh4 Ke7 46. Rd3 Rh8 47. Rc3 Bd5
48. Rxc2 Ke6 49. Rf2 Kxe5 50. Bc1 Ke6 51. Bb2 Rg8 52. g5 Ke7
53. g6 Be6 54. Bd4 Ke8 55. Re2 Kd7 56. Kg5 Bd5 57. Bxg7 Rxg7
58. h6 Rg8 59. h7 Rh8 60. Kh6 Bg8 61. Kg7 1-0

[Event "World Cup"]
[Site "Khanty-Mansiysk RUS"]
[Date "2019.09.10"]
[EventDate "2019.09.10"]
[Round "1.1"]
[Result "0-1"]
[White "Eduardo Patricio Iturrizaga Bonelli"]
[Black "Baskaran Adhiban"]
[WhiteElo "2626"]
[BlackElo "2639"]
[PlyCount "88"]

1. c4 e5 2. Nc3 Bb4 3. Nd5 a5 4. a3 Bc5 5. Nf3 d6 6. e3 c6
7. Nc3 Nd7 8. Qc2 Qe7 9. Be2 Ngf6 10. d4 Ba7 11. O-O Bb8
12. b3 O-O 13. a4 Re8 14. Ba3 e4 15. Nd2 Nf8 16. Rfe1 Bf5
17. Nf1 Qe6 18. d5 Qe7 19. f4 exf3 20. Qxf5 fxe2 21. Rxe2 N8d7
22. Rd1 Nc5 23. Nd2 Ba7 24. Kh1 Rad8 25. Bb2 Qe5 26. Qc2 Ng4
27. Nf1 Qg5 28. e4 Qh4 29. Rdd2 f5 30. exf5 Rxe2 31. Rxe2 Nd3
32. Nd1 Ndf2+ 33. Nxf2 Nxf2+ 34. Kg1 Nh3+ 35. Kh1 Qf4 36. Ng3
Nf2+ 37. Rxf2 Qxf2 38. Qxf2 Bxf2 39. Nh5 cxd5 40. cxd5 Rc8
41. g4 Rc7 42. h3 Be1 43. Bd4 Rc1 44. Kg2 Bc3 0-1

[Event "World Cup"]
[Site "Khanty-Mansiysk RUS"]
[Date "2019.09.10"]
[EventDate "2019.09.10"]
[Round "1.1"]
[Result "1-0"]
[White "Ivan Cheparinov"]
[Black "Ahmed Adly"]
[WhiteElo "2670"]
[BlackElo "2636"]
[PlyCount "143"]

1. d4 Nf6 2. c4 e6 3. Nf3 d5 4. Nc3 Nbd7 5. Qc2 c6 6. b3 Bb4
7. a3 Ba5 8. e3 Qe7 9. Bb2 O-O 10. Be2 dxc4 11. bxc4 e5
12. O-O e4 13. Nd2 Re8 14. a4 Nf8 15. Ba3 Qe6 16. Rfd1 Qf5
17. Bd6 Ng6 18. Nb3 Bd8 19. d5 cxd5 20. Nd4 Qd7 21. Bg3 h5
22. cxd5 a6 23. h3 h4 24. Bh2 Bc7 25. Bxc7 Qxc7 26. Nxe4 Nxd5
27. Qxc7 Nxc7 28. Rac1 Ne6 29. Nd6 Nxd4 30. Rxd4 Rf8 31. Bf3
Be6 32. Bxb7 Ra7 33. a5 Rb8 34. Rc7 Ba2 35. Rb4 Be6 36. Rb6
Rd8 37. f4 Nf8 38. e4 g6 39. Kf2 Nd7 40. Rc8 Rxc8 41. Nxc8
Nxb6 42. Nxa7 Nc4 43. Nc6 Nd6 44. Bxa6 Nxe4+ 45. Ke3 Nc5
46. Be2 Kf8 47. Nb4 Ke7 48. a6 Nxa6 49. Bxa6 f6 50. Bd3 g5
51. Nc6+ Kd6 52. Nd4 Bc8 53. fxg5 fxg5 54. Nf3 g4 55. hxg4
Bxg4 56. Nxh4 Ke5 57. Ng6+ Kf6 58. Kf4 Bc8 59. Ne5 Be6 60. Bb5
Ba2 61. g4 Bb3 62. g5+ Kg7 63. Bc4 Bc2 64. Ng4 Bb1 65. Nh6 Bc2
66. Be6 Bb1 67. Bg4 Bg6 68. Bd1 Kf8 69. Nf5 Kf7 70. Ke5 Kf8
71. Kf6 Bf7 72. Nd6 1-0

[Event "World Cup"]
[Site "Khanty-Mansiysk RUS"]
[Date "2019.09.10"]
[EventDate "2019.09.10"]
[Round "1.1"]
[Result "1/2-1/2"]
[White "Sandro Mareco"]
[Black "Sanan Sjugirov"]
[WhiteElo "2633"]
[BlackElo "2662"]
[PlyCount "93"]

1. e4 c5 2. Nf3 d6 3. d4 cxd4 4. Nxd4 Nf6 5. Nc3 a6 6. h3 e5
7. Nb3 Be6 8. f4 g6 9. Be2 Nc6 10. O-O Be7 11. Be3 exf4
12. Bxf4 O-O 13. Qd2 d5 14. Bh6 Qb6+ 15. Kh1 Rfd8 16. exd5
Nxd5 17. Ne4 Qb4 18. Qxb4 Ndxb4 19. c3 Bxb3 20. axb3 Nd3
21. Nf6+ Kh8 22. Bf3 Rac8 23. Nd5 Bh4 24. Ra4 Bg3 25. Bg5 Re8
26. Bf6+ Kg8 27. Bd4 Be5 28. Nf6+ Bxf6 29. Bxf6 Nc5 30. Rf4
Ne6 31. Re4 Nc5 32. Rxe8+ Rxe8 33. Bd5 Re2 34. b4 Ne4 35. Kh2
h6 36. Bd4 Ng5 37. Bxc6 bxc6 38. Bf6 Rxb2 39. Rd1 Ne6 40. Rd6
g5 41. Rxc6 Nf4 42. Rxa6 Rxg2+ 43. Kh1 Rb2 44. Be5 Nd3 45. Bd4
Kh7 46. Rf6 Nf4 47. h4 1/2-1/2

[Event "World Cup"]
[Site "Khanty-Mansiysk RUS"]
[Date "2019.09.10"]
[EventDate "2019.09.10"]
[Round "1.1"]
[Result "1/2-1/2"]
[White "Ivan Saric"]
[Black "Benjamin Bok"]
[WhiteElo "2667"]
[BlackElo "2640"]
[PlyCount "103"]

1. e4 e5 2. Nf3 Nc6 3. Bb5 Nf6 4. O-O Nxe4 5. Re1 Nd6 6. Nxe5
Be7 7. Bf1 Nxe5 8. Rxe5 O-O 9. d4 Bf6 10. Re2 b6 11. Re1 Bb7
12. Bf4 Ne4 13. Nd2 Re8 14. c3 Bg5 15. Qg4 Bxf4 16. Qxf4 Qf6
17. Qxf6 Nxf6 18. Rxe8+ Rxe8 19. a4 a5 20. Bb5 Kf8 21. f3 Bc6
22. Bxc6 dxc6 23. Kf2 Nd5 24. g3 f6 25. h4 h5 26. Ne4 Kf7
27. Re1 Kg6 28. Re2 Re7 29. Ke1 Re8 30. Kd2 Re6 31. c4 Ne7
32. g4 Kf7 33. gxh5 Nf5 34. d5 cxd5 35. cxd5 Re7 36. Nc3 Nxh4
37. Rxe7+ Kxe7 38. Ke3 g6 39. hxg6 Nxg6 40. Ke4 Kd7 41. f4 Ne7
42. b3 c6 43. Kd4 Nf5+ 44. Kd3 Ne7 45. Kc4 f5 46. Kd4 Ng6
47. Ne2 Kd6 48. dxc6 Kxc6 49. Kc4 Kc7 50. Kd3 Kd6 51. Kc4 Kc7
52. Kd3 1/2-1/2

[Event "World Cup"]
[Site "Khanty-Mansiysk RUS"]
[Date "2019.09.10"]
[EventDate "2019.09.10"]
[Round "1.1"]
[Result "1/2-1/2"]
[White "Nijat Abasov"]
[Black "Kacper Piorun"]
[WhiteElo "2632"]
[BlackElo "2660"]
[PlyCount "186"]

1. d4 Nf6 2. c4 e6 3. Nf3 d5 4. g3 dxc4 5. Bg2 Bb4+ 6. Bd2 a5
7. O-O O-O 8. Qc2 Bxd2 9. Nbxd2 b5 10. a4 c6 11. b3 cxb3
12. Nxb3 b4 13. e4 Nbd7 14. h4 h6 15. e5 Nd5 16. Nfd2 Ba6
17. Rfe1 Nc3 18. Ne4 Nxe4 19. Bxe4 Rc8 20. Rac1 Re8 21. Qd2 c5
22. dxc5 Nxe5 23. Qf4 Nd3 24. Bxd3 Bxd3 25. Rcd1 Qd5 26. Nxa5
Rxc5 27. Qxb4 Rec8 28. Nb7 Rc4 29. Qb6 Rb8 30. a5 Qxb7
31. Qxb7 Rxb7 32. Rxd3 Ra4 33. Re5 Ra7 34. Rd8+ Kh7 35. h5
R4xa5 36. Rxa5 Rxa5 37. Rd7 Rf5 38. Kg2 g6 39. g4 Rf6
40. hxg6+ Kxg6 41. Kg3 h5 42. gxh5+ Kxh5 43. Ra7 Kg5 44. Ra5+
Rf5 45. f4+ Kf6 46. Ra7 Rd5 47. Rb7 Rd3+ 48. Kf2 Kg6 49. Re7
Ra3 50. Ke2 Rh3 51. Kf2 Rh7 52. Kf3 Kf5 53. Ra7 Kf6 54. Rb7
Rh8 55. Ra7 Re8 56. Ra5 Re7 57. Rc5 Rb7 58. Ra5 Kg6 59. Rg5+
Kf6 60. Ra5 Rc7 61. Ke3 Rc3+ 62. Kf2 Rb3 63. Ra7 Kg6 64. Re7
Rb6 65. Kf3 f6 66. Kg4 f5+ 67. Kf3 Rb3+ 68. Kf2 Kf6 69. Ra7
Rd3 70. Rh7 Rd8 71. Ke3 Rf8 72. Kd4 Rg8 73. Ke3 Rg7 74. Rh8
Ke7 75. Ra8 Rg3+ 76. Kf2 Rc3 77. Ra6 Kd7 78. Ke2 Rc6 79. Ra8
Kd6 80. Rd8+ Kc5 81. Ke3 Ra6 82. Rc8+ Kd6 83. Rd8+ Kc7 84. Rh8
Ra3+ 85. Ke2 Kc6 86. Rd8 Kc5 87. Kf2 Ra4 88. Ke3 Re4+ 89. Kf3
Rd4 90. Rc8+ Kd5 91. Rd8+ Kc4 92. Rc8+ Kd5 93. Rd8+ Kc4
1/2-1/2